000 00609nam a22001577a 4500
008 140902b xxu||||| |||| 00| 0 eng d
020 _a0406090408
050 _aKD275.3.L39(1869-71 vol.3)
245 _aThe Law Reports (1869-71 vol.3): Privy Council Appeals, Cases heard and determined by the Judicial Committee and the Lords of Her Majesty's most Honorable Privy Council. /
_cReported by Edmund F. Moore
260 _aLondon:
_bButterworth,
_c1869.
300 _ax, 770p.
_c24cm.
440 _pAppeal cases, 1869-1871
_vVol. 4
700 _aMoore, Edmund F.
800 _aMoore, Edmund F.
942 _2lcc
_cBK
999 _c3983
_d11483